000 00284nam a22001337a 4500
008 170207b xxu||||| |||| 00| 0 eng d
020 _a9780805091946
041 _aeng
080 _a61
100 _a4
101 _aSHM
245 _aTHE VIRAL STORM
_cNATHAN WOLFE
942 _2udc
_cBK
999 _c4817
_d4817